Revoir son ex - Ben Mazué - Paroles - Statistiques

Statistiques générales
  • Ce quiz a été pris 12 fois
  • Le résultat moyen est 399 sur 414
Statistiques - réponses
Réponse % Correct
à
100%
À
100%
ai
100%
aller
100%
Alors
100%
alors
100%
années
100%
années,
100%
après
100%
au
100%
auprès
100%
avance
100%
bien,
100%
bien
100%
ça
100%
ce
100%
C'est
100%
c'est
100%
comme
100%
compté
100%
crois
100%
d'absence
100%
d'aller
100%
D'aller
100%
d'âme
100%
dans
100%
d'ceux
100%
De
100%
de
100%
décrocherai
100%
déjà
100%
des
100%
Des
100%
des-
100%
désir
100%
difficile
100%
digne
100%
dis
100%
drames
100%
du
100%
en
100%
Et
100%
et
100%
états
100%
être
100%
évite
100%
faire
100%
faut
100%
femme
100%
forcer
100%
gens
100%
heures
100%
heureux,
100%
ici
100%
il
100%
Ils
100%
indifférent
100%
je
100%
J'en
100%
j'en
100%
J'fais
100%
jouer
100%
jours
100%
J'prends
100%
j'sais
100%
j'savais
100%
j'suis
100%
J'suis
100%
J'vais
100%
j'vais
100%
j'y
100%
la
100%
le
100%
les
100%
l'heure,
100%
l'heure
100%
l'indifférent
100%
ma
100%
mais
100%
Mais
100%
mal
100%
manque
100%
m'disant
100%
me
100%
même
100%
Mes
100%
mes
100%
m'tuer
100%
nous
100%
nouvelles
100%
On
100%
ont
100%
Parce
100%
parce
100%
pas
100%
pas,
100%
pas?
100%
pense
100%
penser
100%
peu
100%
pis,
100%
plaisir
100%
pour
100%
premier
100%
prêt,
100%
Puis
100%
Puiser
100%
quand
100%
Quand
100%
qu'ça
100%
que
100%
qui
100%
Qui
100%
qu'je
100%
Qu'je
100%
qu'on
100%
raconter
100%
retrouver
100%
rien
100%
s'agit
100%
sais
100%
Se
100%
semaines
100%
sentiments
100%
sérénité
100%
si
100%
Si
100%
solide
100%
solide,
100%
souffrance
100%
souriras,
100%
souris
100%
s'passe
100%
tant
100%
t'blesse
100%
t'connaissent
100%
te
100%
t'entendre
100%
terminé
100%
toi
100%
Toi,
100%
toi,
100%
Tout
100%
tout
100%
t'retrouver
100%
t'retrouver,
100%
trop
100%
trou
100%
Tu
100%
tu
100%
un
100%
Un
100%
va
100%
vas
100%
veux
100%
voir,
100%
vont
100%
vrai
100%
y
100%
alliés
86%
avant,
86%
calme
86%
cogite,
86%
corps
86%
distance
86%
d'pas
86%
eux
86%
façon
86%
j'leur
86%
j't'écoute
86%
m'griller
86%
m'ont
86%
m'voyant
86%
Ou
86%
parfois
86%
perdu
86%
pourquoi
86%
prête
86%
qu'c'est
86%
qu'en
86%
qu'il
86%
range
86%
s'active
86%
sens,
86%
son
86%
tous
86%
toute
86%
appris
71%
Assez
71%
Autant
71%
dure,
71%
épuisé
71%
J'ai
71%
jamais
71%
l'dire,
71%
moi,
71%
m'répondre
71%
peut
71%
peut-être
71%
puisque
71%
qu'pour
71%
sauvé
71%
soutenu
71%
t'effacer
71%
t'offres,
71%
Allez,
57%
j'me
57%
lance,
57%
l'appeler?
57%
Pourtant
57%
Ranger
57%
vouloir
57%
J'préfère
43%
muscles,
43%
vas-y
43%
Aucun quiz correspondant
Distribution des résultats
% des personnes avec chaque résultat
Percentile par nombre de réponses
Votre historique - résultats
Vous n’avez pas pris ce quiz